000 00775nam a22001337a 4500
040 _cRUA
082 _aAGR PHA B431 2013 Or.1
100 _aPHAI SAMBATH, ផៃ សម្បត្តិ
245 _aFarmer's pesticide use on dry rice crop in preykry commune chhukiri district kompong chhnang province, ការប្រើប្រាស់ថ្នាំកសិកម្មរបស់កសិករលើដំណាំស្រូវប្រាំងក្នុងឃុំព្រៃគ្រី ស្រុកជលគិរី ខេត្តកំពង់ឆ្នាំង
260 _aPhnom Penh
_bRUA
_c2013
300 _ax; 46p.
_bill.
_c29cm.
856 _uhttps://drive.google.com/file/d/1khWYNrXCzk8PPaRDdpKFs1KafRPyesCn/view?usp=sharing
942 _cAGR
999 _c7014
_d7014